| 000 | 00435nam a2200193Ia 4500 | ||
|---|---|---|---|
| 005 | 20240823045627.0 | ||
| 008 | 240823s9999||||xx |||||||||||||| ||und|| | ||
| 020 | _a978-81-8/472-214-7 | ||
| 041 | _aENGLISH | ||
| 082 | _A624.15 Q2 | ||
| 100 | _aKarthiyaini S | ||
| 245 | 0 | _aApplied Geology | |
| 250 | _a1st | ||
| 260 |
_c2012 _bAnuradha Publica |
||
| 500 | _aYES | ||
| 650 |
_aGeology _bCivil |
||
| 942 | _cBK | ||
| 999 |
_c215397 _d215397 |
||